000
00264nam a22001217a 4500
008
170818b xxu||||| |||| 00| 0 eng d
041
_a
eng
080
_a
51
100
_a
37
101
_a
NAT
245
_a
INDETIFICATIOB TECHNIQUES
_c
DESAI.R.C
942
_2
udc
_c
BK
999
_c
24044
_d
24044